000 01047cam a2200337 4500
001 3223081
003 Nust
005 20220830103824.0
008 710514r19701860enk b 000 0 eng
010 _a 78559426
015 _aB71-01801
020 _a9780826476999 (pbk)
_cRs. 340
038 _aArshad
040 _aDLC
_cDLC
_dDLC
050 0 0 _aBR50
_b.E78 1970
082 0 0 _a781.68
_bLAR
100 _a Larkin, Philip
_911443
240 0 0 _aRecent inquiries in theology
245 0 0 _aJazz Writing /
_c Philip Larkin
260 _aLondon:
_bHull University press,
_c1999.
300 _a180 p.
_c22 cm.
350 _a£5.00
500 _aFacsimile reprint of 1st ed., London, John W. Parker and Son, 1860.
500 _aAmerican ed. has title: Recent inquiries in theology.
504 _aIncludes bibliographical references.
563 _aPB
650 0 _a Jazz -- History and criticism.
_911444
650 0 _aMUSIC -- Genres & Styles -- Jazz.
_911445
906 _a7
_bcbc
_corignew
_d3
_encip
_f19
_gy-gencatlg
942 _2ddc
_cBK
999 _c48175
_d48175